00674nam a2200181 a 4500003000200000005001700002008004100019050002800060100002200088245007800110260009200188300004000280504004100320650002900361650002900390650003100419650004200450020250410130554.0970101s19uu xx 00 eng d aPGS ML 3830b.R896 2004 aRubiso, Andrew M. aA study on the music listening habits of grade seven /cAndrew M. Rubiso. aLas Piñas City, Philippines : bSouthville International School and Colleges,c2004. a23 pages :billustrations ;c28 cm. aIncludes bibliographical references. aMusicvListening habits. aMusicvSocial aspects.  aConcertsvSocial aspects.  aPopular musicvPsychological aspects.